|
|
|
|
| LEADER |
01501nam a2200361 a 4500 |
| 001 |
000016573 |
| 003 |
CZ BrMZK |
| 005 |
20210126095459.0 |
| 008 |
950101s1995 xr f cze d |
| 015 |
|
|
|a cnb000090574
|
| 020 |
|
|
|a 80-01-01243-3
|
| 040 |
|
|
|a BOA001
|b cze
|
| 080 |
|
|
|a 621.822:531.1(075.8)
|2 MRF
|
| 080 |
|
|
|a 531.1:621.822(075.8)
|2 MRF
|
| 100 |
1 |
|
|a Kratochvílová, Helena
|7 jx20050720030
|4 aut
|
| 245 |
1 |
0 |
|a Základní konstrukční prvky.
|n Seš. 3,
|p Kinematické dvojice /
|c Helena Kratochvílová, Eduard Stach
|
| 246 |
3 |
0 |
|a Kinematické dvojice
|
| 250 |
|
|
|a 1. vyd.
|
| 260 |
|
|
|a Praha :
|b České vysoké učení technické,
|c 1995
|
| 300 |
|
|
|a 36 s. :
|b il. ;
|c 29 cm
|
| 521 |
|
|
|a Určeno pro posl. fak. stroj.
|
| 653 |
0 |
|
|a kinematické dvojice
|a konstrukční prvky
|a ložiska
|
| 700 |
1 |
|
|a Stach, Eduard
|7 jx20080901015
|4 aut
|
| 710 |
2 |
|
|a České vysoké učení technické v Praze.
|b Strojní fakulta
|7 ko20010093670
|
| 910 |
|
|
|a BOA001
|b X2-0987.994,3
|b TK-A-0252.002,3
|
| 920 |
|
|
|a 000019801
|
| 962 |
|
|
|a 531.1/.3
|
| 962 |
|
|
|a 621.82
|
| 964 |
|
|
|a Kinematika
|x dvojice
|x konstrukce
|x učebnice
|x školy vysoké
|
| 990 |
|
|
|a BK
|
| 996 |
6 |
|
|b 2610017277
|c X2-0987.994,3
|l MZK
|r Sklad / do 24 hodin
|n 5
|p p.v.
|w 000016573
|u 000010
|a 1
|e BOA001
|j MZK50
|s P
|
| 996 |
7 |
|
|b 2620000202
|c TK-A-0252.002/3
|l MZK
|r Sklad / do 24 hodin
|n 0
|p kup
|w 000016573
|u 000020
|a 1
|e BOA001
|j MZK50
|s A
|
| 996 |
7 |
|
|b 2620000203
|c TK-A-0252.002/3
|l MZK
|r Sklad / do 24 hodin
|n 2
|p kup
|w 000016573
|u 000030
|a 1
|e BOA001
|j MZK50
|s A
|